British economic mission to the far East 1930-31 : Report of the cotton mission

Spremljeno u:
Bibliografski detalji
Autor kompanije: His Majesty's Stationery Office
Format: Knjiga
Jezik:Undetermined
Izdano: London His Majesty's Stationery Office 1931
Teme:
Oznake: Dodaj oznaku
Bez oznaka, Budi prvi tko označuje ovaj zapis!
Thư viện lưu trữ: Trung tâm Học liệu Trường Đại học Cần Thơ
LEADER 00612nam a2200205Ia 4500
001 CTU_99666
008 210402s9999 xx 000 0 und d
082 |a 382 
082 |b H673 
110 |a His Majesty's Stationery Office 
245 0 |a British economic mission to the far East 1930-31 : 
245 0 |b Report of the cotton mission 
245 0 |c His Majesty's Stationery Office 
260 |a London 
260 |b His Majesty's Stationery Office 
260 |c 1931 
650 |a Cotton manufacture 
650 |z Great Britain 
904 |i Giang 
980 |a Trung tâm Học liệu Trường Đại học Cần Thơ